Tous les joueurs de Liverpool depuis 2010 - Statistiques

Statistiques générales
  • Ce quiz a été pris 72 fois
    22 depuis la dernière actualisation
  • Le résultat moyen est 58 sur 175
Statistiques - réponses
Poste(s) Nationalité Saison(s) Réponse % Correct
Gardien Brésil 2018- Alisson
94%
Défenseur Ecosse 2017- Andrew Robertson
94%
Attaquant Égypte 2017- Mohamed Salah
94%
Attaquant Sénégal 2016-2022 Sadio Mané
94%
Attaquant Portugal 2020-2025 Diogo Jota
89%
Attaquant Belgique 2014-2022 Divock Origi
89%
Milieu Hongrie 2023- Dominik Szoboszlai
89%
Défenseur France 2021- Ibrahima Konaté
89%
Attaquant Colombie 2022-2025 Luis Diaz
89%
Attaquant Uruguay 2011-2014 Luis Suárez
89%
Milieu Angleterre 1998-2015 Steven Gerrard
89%
Défenseur Angleterre 2016-2025 Trent Alexander-Arnold
89%
Défenseur Pays-Bas 2017- Virgil van Dijk
89%
Attaquant Uruguay 2022-2025 Darwin Núñez
83%
Attaquant Italie 2024- Federico Chiesa
83%
Gardien Allemagne 2016-2022 Loris Karius
83%
Attaquant Brésil 2015-2023 Roberto Firmino
83%
Gardien Belgique 2013-2019 Simon Mignolet
83%
Milieu Argentine 2023- Alexis Mac Allister
78%
Attaquant Pays-Bas 2023- Cody Gakpo
78%
Défenseur Croatie 2014-2020 Dejan Lovren
78%
Milieu Pays-Bas 2016-2021 Georginio Wijnaldum
78%
Gardien Géorgie 2025- Giorgi Mamardashvili
78%
Attaquant France 2025- Hugo Ekitiké
78%
Milieu Angleterre 2015-2023 James Milner
78%
Défenseur Angleterre 2015- Joe Gomez
78%
Défenseur Cameroun 2016-2024 Joël Matip
78%
Gardien Espagne 2005-2014 Pepe Reina
78%
Milieu Angleterre 2011-2023 Jordan Henderson
72%
Défenseur Grèce 2020- Kóstas Tsimíkas
72%
Milieu Guinée 2018-2023 Naby Keïta
72%
Milieu Brésil 2013-2018 Philippe Coutinho
72%
Attaquant Suisse 2018-2021 Xherdan Shaqiri
72%
Gardien Australie 2010-2015 Brad Jones
67%
Milieu Angleterre 2018- Curtis Jones
67%
Milieu Brésil 2018-2023 Fabinho
67%
Milieu Allemagne 2025- Florian Wirtz
67%
Milieu/attaquant Angleterre 2019- Harvey Elliott
67%
Défenseur France 2013-2016 Mamadou Sakho
67%
Défenseur Slovaquie 2008-2016 Martin Škrtel
67%
Attaquant Angleterre 2012-2015 Raheem Sterling
67%
Milieu Pays-Bas 2023- Ryan Gravenberch
67%
Milieu Angleterre 2014-2020 Adam Lallana
61%
Défenseur Irlande du nord 2021- Conor Bradley
61%
Attaquant Angleterre 2013-2019 Daniel Sturridge
61%
Défenseur Angleterre 1996-2013 Jamie Carragher
61%
Défenseur Pays-Bas 2025- Jeremie Frimpong
61%
Attaquant/milieu Japon 2020-2022 Takumi Minamino
61%
Milieu Espagne 2020-2024 Thiago Alcántara
61%
Milieu Japon 2023- Wataru Endō
61%
Milieu Angleterre 2017-2023 Alex Oxlade-Chamberlain
56%
Gardien Irlande 2018-2025 Caoimhín Kelleher
56%
Milieu Turquie 2014-2018 Emre Can
50%
Défenseur Angleterre 2009-2015 Glen Johnson
50%
Défenseur Côte d’Ivoire 2013-2016 Kolo Touré
50%
Défenseur Hongrie 2025- Milos Kerkez
50%
Défenseur Espagne 2014-2019 Alberto Moreno
44%
Attaquant Belgique 2015-2016 Christian Benteke
44%
Milieu Pays de Galles 2012-2016 Joe Allen
44%
Attaquant Italie 2014-2016 Mario Balotelli
44%
Gardien Espagne 2019-2024 Adrián
39%
Attaquant Espagne 2007-2011 Andy Carroll
39%
Attaquant Angleterre 2011-2013 Andy Carroll
39%
Défenseur Danemark 2006-2014 Daniel Agger
39%
Milieu Brésil 2007-2017 Lucas Leiva
39%
Défenseur Angleterre 2015-2020 Nathaniel Clyne
39%
Milieu Brésil 2022-2023 Arthur
33%
Attaquant Pays-Bas 2006-2012 Dirk Kuyt
33%
Défenseur Argentine 2007-2010 Javier Mascherano
33%
Milieu Angleterre 2010-2013 Joe Cole
33%
Milieu Serbie 2014-2019 Lazar Marković
33%
Milieu/attaquant Argentine 2010-2012 Maxi Rodríguez
33%
Milieu Turquie 2012-2013 Nuri Şahin
33%
Milieu/attaquant Angleterre 2025- Rio Ngumoha
33%
Défenseur Ecosse 2010-2013 Danny Wilson
28%
Milieu Portugal 2022-2024 Fábio Carvalho
28%
Milieu/attaquant Pays de Galles 2015-2021 Harry Wilson
28%
Attaquant Espagne 2013-2015 Iago Aspas
28%
Défenseur Angleterre 2023-2025 Katell Quansah
28%
Défenseur Angleterre 2019-2025 Nathaniel Phillips
28%
Milieu Angleterre 2021-2025 Tyler Morton
28%
Attaquant Ecosse 2022-2025 Ben Doak
22%
Milieu Angleterre 2022-2024 Bobby Clark
22%
Attaquant France 2008-2011 David N'Gog
22%
Attaquant Angleterre 2017-2019 Dominic Solanke
22%
Défenseur Espagne 2011-2016 José Enrique
22%
Défenseur Pays de Galles 2019-2022 Neco Williams
22%
Défenseur Turquie 2020-2021 Ozan Kabak
22%
Défenseur Estonie 2016-2018 Ragnar Klavan
22%
Défenseur Angleterre 2019- Rhys Williams
22%
Attaquant Angleterre 2014-2015 Rickie Lambert
22%
Milieu Espagne 2022- Stefan Bajčetić
22%
Gardien République Tchèque 2021- Vítězslav Jaroš
22%
Gardien Hongrie 2015-2019 Ádám Bogdán
17%
Défenseur France 2013-2014 Aly Cissokho
17%
Milieu/attaquant Pays de Galles 2016-2022 Ben Woodburn
17%
Défenseur Australie 2013-2016 Brad Smith
17%
Défenseur Brésil 2006-2012 Fábio Aurélio
17%
Défenseur Italie 2025- Giovanni Leoni
17%
Milieu Angleterre 2022- James McConnell
17%
Défenseur Espagne 2014-2015 Javier Manquillo
17%
Défenseur Angleterre 2011-2018 Jon Flanagan
17%
Milieu Angleterre 2010-2013 Jonjo Shelvey
17%
Milieu Serbie 2016-2022 Marko Grujić
17%
Défenseur Angleterre 2008-2014 Martin Kelly
17%
Milieu Portugal 2010-2011 Raul Meireles
17%
Attaquant Angleterre 2019-2020 Rhian Brewster
17%
Milieu Angleterre 2011-2013 Stewart Downing
17%
Milieu Angleterre 2023- Trey Nyoni
17%
Gardien Hongrie 2025- Armin Pecsi
11%
Milieu Danemark 2010-2011 Christian Poulsen
11%
Défenseur Angleterre 2012-2014 Conor Coady
11%
Attaquant Angleterre 2015-2019 Danny Ings
11%
Attaquant Italie 2012-2015 Fabio Borini
11%
Milieu Angleterre 2012-2016 Jordon Ibe
11%
Attaquant Angleterre 2021- Kaide Gordon
11%
Milieu Jamaïque 2014-2017 Kevin Stewart
11%
Défenseur Pays-Bas 2019-2020 Ki-Jana Hoever
11%
Attaquant Angleterre 2019-2023 Layton Stewart
11%
Milieu Espagne 2015-2020 Pedro Chirivella
11%
Défenseur/milieu Portugal 2018-2019 Rafael Camacho
11%
Défenseur Uruguay 2011-2015 Sebastián Coates
11%
Défenseur Pays-Bas 2019-2024 Sepp van den Berg
11%
Défenseur Grèce 2009-2011 Sotírios Kyrgiákos
11%
Défenseur Sierra Leone 2015-2016 Steven Caulker
11%
Défenseur Nigéria 2013-2014 Victor Moses
11%
Défenseur Angleterre 2012-2017 Andre Wisdom
6%
Défenseur France 2020-2024 Billy Koumetio
6%
Milieu Ecosse 2011-2012 Charlie Adams
6%
Gardien Pays de Galles 2012-2018 Danny Ward
6%
Attaquant Angleterre 2024- Jayden Danns
6%
Milieu Angleterre 2008-2013 Jay Spearing
6%
Milieu/attaquant Portugal 2013-2016 João Carlos Teixeira
6%
Milieu Allemagne 2022-2024 Melkamu Frauendorf
6%
Attaquant Serbie 2010-2011 Milan Jovanović
6%
Défenseur Pays de Galles 2021- Owen Beck
6%
Milieu/attaquant Pays-Bas 2007-2011 Ryan Babel
6%
Milieu Espagne 2015-2016 Sergi Canós
6%
Milieu Angleterre 2015-2022 Sheyi Ojo
6%
Attaquant Espagne 2012-2015 Suso
6%
Attaquant Irlande 2025- Trent Koné-Doherty
6%
Défenseur Algérie 2020-2021 Yasser Larouci
6%
Défenseur Angleterre 2019-2024 Adam Lewis
0%
Défenseur Angleterre 2025- Amara Nallo
0%
Défenseur Angleterre 2023- Calum Scanlon
0%
Milieu Angleterre 2014-2018 Cameron Brannagan
0%
Défenseur Angleterre 2015-2019 Connor Randall
0%
Attaquant Pays de Galles 2006-20072011-2012 Craig Bellamy
0%
Attaquant Espagne 2009-2017 Dani Pacheco
0%
Milieu Angleterre 2020-2022 Elijah Dixon-Bonner
0%
Gardien Angleterre 2025- Freddie Woodman
0%
Attaquant Angleterre 2021-2024 Harvey Blair
0%
Milieu Angleterre 2019-2020 Herbert Kane
0%
Défenseur Angleterre 2024- Isaac Mabaya
0%
Milieu/attaquant Angleterre 2019-2022 Jack Bearne
0%
Défenseur Angleterre 2010-2014 Jack Robinson
0%
Milieu Angleterre 2020-2023 Jake Cain
0%
Attaquant Angleterre 2012-2016 Jerome Sinclair
0%
Attaquant Angleterre 2020-2021 Joe Hardy
0%
Milieu Angleterre 2014-2016 Jordan Rossiter
0%
Milieu Angleterre 2019-2023 Leighton Clarkson
0%
Attaquant Angleterre 2023- Lewis Koumas
0%
Attaquant/milieu Canada 2019-2021 Liam Millar
0%
Défenseur Angleterre 2022- Luke Chambers
0%
Milieu Pologne 2024-2024 Mateusz Musiałowski
0%
Attaquant Angleterre 2021-2023 Max Woltman
0%
Défenseur Pays de Galles 2019-2022 Morgan Boyes
0%
Attaquant Angleterre 2009-2012 Nathan Eccleston
0%
Attaquant Maroc 2012-2015 Oussama Assaidi
0%
Milieu Angleterre 2016-2020 Ovie Ejaria
0%
Défenseur Angleterre 2010-2011 Paul Konchesky
0%
Milieu Angleterre 2015-2019 Ryan Kent
0%
Milieu Angleterre 2019-2025 Thomas Hill
0%
Défenseur Portugal 2013-2017 Tiago Ilori
0%
Défenseur Ecosse 2018-2022 Tony Gallacher
0%
Aucun quiz correspondant
Distribution des résultats
% des personnes avec chaque résultat
Percentile par nombre de réponses
Votre historique - résultats
Vous n’avez pas pris ce quiz depuis la dernière actualisation